North America Flags - Statistics

General Stats
  • This quiz has been taken 23 times
  • The average score is 21 of 23
Answer Stats
Picture Answer % Correct
Bahamas
100%
Canada
100%
Cuba
100%
Honduras
100%
Jamaica
100%
Mexico
100%
Panama
100%
United States
100%
Antigua and Barbuda
89%
Barbados
89%
Belize
89%
Costa Rica
89%
Dominica
89%
Dominican Republic
89%
Haiti
89%
Nicaragua
89%
Saint Lucia
89%
Trinidad and Tobago
89%
El Salvador
83%
Grenada
83%
Guatemala
83%
Saint Kitts and Nevis
83%
Saint Vincent and the Grenadines
83%
No matching quizzes found
Score Distribution
Percent of People with Each Score
Percentile by Number Answered
Your Score History
You have not taken this quiz